| 000 | 00410nam a2200181Ia 4500 | ||
|---|---|---|---|
| 001 | 13955 | ||
| 005 | 20260306164839.0 | ||
| 008 | 260306t2011||||xx |||||||||||||| ||spa|| | ||
| 041 | _aESP | ||
| 082 |
_a005.74 _bE43 2011 |
||
| 100 |
_aElmasri, Ramez _eAUT |
||
| 245 | 0 | _aFundamentals of database systems | |
| 260 | _c2011 | ||
| 300 |
_a _c |
||
| 650 | _aGEN | ||
| 654 | _aCCC | ||
| 942 |
_cLIB _dJUS _fJUS _2ddc _n |
||
| 999 |
_c13955 _d13955 |
||